000 00460cam a22001217a 4500
008 180718b-- xxu||||| |||| 00| 0 eng d
082 _aL906x5444 K147
245 _aWhat the report of CAG say: a bird's eye view of the audit reports, Karnataka
260 _aBangalore
_bComptroller and Auditor general of India
_c--
500 _aLibrary has 1999/2000
650 _aAudit reports - India - Karnataka
700 _aKarnataka. Comptroller and Auditor General of India
999 _c502512
_d502512